1173 1916 1660 1182 1677 1261 1407 1033 1307 1008 1768 1661 1400 1468 1370 1632 1198 1853 1897 1527 1269 1896 1975 1090 1654 1094 1607 1737 1779 1017 1072 1692 1197 1129 1578 1668 1445 1525 1494 1703 1714 1570 1552 1327 1513 1480 1995 1856 1715 1286 1642 1140 1518 1507 1279 1159 1006 1313 1036 1890 1985 1134 1541 1171 1975 1548 1410 1704 1352 1940 1421 1624 1828 1987 1577 1414 1246 1540 1538 1042 1168 1130 1277 1507 1044 1260 1545 1894 1821 1237 1758 1959 1200 1791 1210 1252 1422 1958 1216 BCNSPRNW ULIB Ver.6.0+V

เปลี่ยนเป็นภาษาไทย

Change to English
 แสดงรายละเอียดบรรณานุกรม
  กลับหน้าหลัก

Brief Record : Get Marc (ISO 2709) : E-mail record : QR code < ปิดหน้าต่าง
LEADER : 00000nam 2200000uu 4500
001    13399109234
003     ULIB
008    110324s2552||||th 000 0 tha d
020    9786161100650
060 04 WA540JT3^bส691ผ 2552
110 1  สำนักงานปลัดกระทรวงสาธารณสุข^bสำนักนโยบายและยุทธศาสตร์
245 00 แผนกลยุทธ์สำนักงานปลัดกระทรวงสาธารณสุข /^cโดยสำนักนโยบายและยุทธศาสตร์ สำนักงานปลัดกระทรวงสาธารณสุข
260    กรุงเทพฯ :^bสำนักนโยบายและยุทธศาสตร์,^c2552
300    69 หน้า
650  7 แผนกลยุทธ์^xสำนักงานปลัดกระทรวงสาธารณสุข
945    ^p0^l0^i027749
995    ทศพร
999 ^a ใช้งานได้ทุกระบบ
รายการนี้ยังไม่มีแท็ก
คุณยังไม่ได้ล็อกอิน คุณสามารถมีกิจกรรมร่วมกับเว็บไซต์ได้ แต่ต้องล็อกอินก่อน ::
  ล็อกอิน

รายการสื่อสารสนเทศ

ลำดับที่ ประเภท เลขเรียก/บาร์โค้ด สถานที่ สถานะ
1. วิทยาศาสตร์การแพทย์ และสุขภาพ
หนังสือสำรอง
สถานะ=หนังสือสำรอง
WA540JT3 ส691ผ 2552 ฉ.1 
  Barcode: 027749
ห้องสมุดวิทยาเขตสวรรค์ประชารักษ์
►ส่วนจัดเก็บหนังสือเก่า สปร
บนชั้น
  ขอยืม

BibComment


ยังไม่เคยถูกคอมเมนท์

คอมเมนท์ทรัพยากรรายการนี้
  คอมเมนท์: แผนกลยุทธ์สำนักงา..


 Copyright 2026. Bcnsprnw @Library